Memoria /
Bewaard in:
| Hoofdauteur: | |
|---|---|
| Coauteur: | |
| Andere auteurs: | |
| Formaat: | Texto |
| Gepubliceerd in: |
UCA. IHNCA
|
| Onderwerpen: | |
| Tags: |
Voeg label toe
Geen labels, Wees de eerste die dit record labelt!
|
MARC
| LEADER | 00000 a a2200000 04500 | ||
|---|---|---|---|
| 001 | 29145 | ||
| 003 | |||
| 040 | |||
| 090 | |a 190705 | ||
| 100 | |a Vannini, Margarita | ||
| 110 | |a Universidad Centroamericana. Instituto de Historia de Nicaragua y Centroamérica | ||
| 245 | |a Memoria / |c Vannini, Margarita | ||
| 260 | |a UCA. IHNCA | ||
| 300 | |a 282 p |b il. | ||
| 650 | |a AMERINDIOS | ||
| 650 | |a MESTIZOS | ||
| 650 | |a IDENTIDAD CULTURAL | ||
| 650 | |a ESPAÑOLES | ||
| 650 | |a COLONIALISMO | ||
| 650 | |a PERSONAS SIN TIERRAS | ||
| 650 | |a DISCRIMINACION RACIAL | ||
| 650 | |a ESTADO | ||
| 650 | |a PRECARISTAS | ||
| 650 | |a TRABAJO | ||
| 650 | |a COLECTIVISMO | ||
| 700 | |a Kinloch Tijerino, Frances | ||
| 999 | |c 15995 |d 15995 | ||
